Stolice państw obu Ameryk - Statystyki

Ogólne statystyki
  • Ten quiz został rozwiązany 125 razy
  • Średni wynik to 26 z 35
Statystyki odpowiedzi
Hint Odpowiedź % Poprawnych
Stany Zjednoczone Waszyngton
100%
Meksyk Meksyk
98%
Brazylia Brasília
95%
Chile Santiago
95%
Argentyna Buenos Aires
93%
Kuba Hawana
93%
Peru Lima
93%
Kanada Ottawa
93%
Kolumbia Bogota
90%
Urugwaj Montevideo
90%
Boliwia Sucre/La Paz (Boliwia ma 2 stolice)
90%
Wenezuela Caracas
88%
Panama Panama
88%
Ekwador Quito
85%
Gwatemala Gwatemala
80%
Salwador San Salvador
80%
Haiti Port-au-Prince
78%
Kostaryka San José
78%
Jamajka Kingston
75%
Dominikana Santo Domingo
75%
Paragwaj Asunción
73%
Nikaragua Managua
70%
Trynidad i Tobago Port-of-Spain
70%
Gujana Georgetown
68%
Bahamy Nassau
68%
Saint Vincent i Grenadyny Kingstown
65%
Belize Belmopan
58%
Surinam Paramaribo
58%
Antigua i Barbuda Saint John’s
58%
Dominika Roseau
55%
Barbados Bridgetown
53%
Grenada Saint George’s
53%
Honduras Tegucigalpa
50%
Saint Lucia Castries
40%
Saint Kitts i Nevis Basseterre
33%
Nie znaleziono quizów pasujących do podanych kryteriów
Rozkład punktacji
Procent ludzi z każdym wynikiem
Percentyl według liczby udzielonych odpowiedzi
Twoja historia wyników
Nie rozwiązałeś tego quizu